[Event "SM Master Norm Tournament"]
[Site "SchemingMind.com"]
[Date "2008.12.11"]
[Round "-"]
[White "shaykins"]
[Black "Aadsje"]
[Result "0-1"]
[WhiteCountry "ISR"]
[BlackCountry "NED"]
[WhiteElo "2263"]
[WhiteRD "95"]
[BlackElo "2165"]
[BlackRD "69"]
[GameID "182625"]

1. e4 c5 2. Nf3 d6 3. d4 cxd4 4. Nxd4 Nf6 5. Nc3 a6 6. Bg5 e6 7. f4 Qb6 8. Qd2 Qxb2 9. Nb3 Qa3 10. Bxf6 gxf6
11. Be2 Nc6 12. O-O Bd7 13. Rf3 h5 14. Nd1 Rc8 15. c4 Qb4 16. Qxb4 Nxb4 17. a3 Nc6 18. Nc3 b6 19. Rd1 h4 20. Kh1 Rb8
21. Rfd3 Rb7 22. Rh3 Ke7 23. Kg1 Bg7 24. Bf1 Nb8 25. Be2 Rc7 26. Rd2 Bc8 27. Nd1 Bb7 28. Nf2 Nd7 29. Rd1 Bc6 30. Nd4 Ba4
31. Rd2 Nc5 32. Kf1 Rcc8 33. Nf3 Bc6 34. f5 Nxe4 35. Rb2 Ng5 36. Nxg5 fxg5 37. Rxb6 a5 38. Ra6 Bd4 39. Rxa5 Rb8 40. Rd3 e5
41. Bf3 Bxf3 42. gxf3 Rb1+ 43. Nd1 Rc8 44. Ra4= Rc1 45. Ke2 R1xc4 46. Rxc4 Rxc4 47. Ne3 Bxe3 48. Kxe3 Rc2
0-1

[Event "SM Master Norm Tournament"]
[Site "SchemingMind.com"]
[Date "2008.12.09"]
[Round "-"]
[White "shaykins"]
[Black "MazetaFighter"]
[Result "1-0"]
[WhiteCountry "ISR"]
[BlackCountry "GRE"]
[WhiteElo "2319"]
[WhiteRD "86"]
[BlackElo "1994"]
[BlackRD "61"]
[GameID "182626"]

1. e4 e5 2. Nf3 Nf6 3. d4 Nxe4 4. Bd3 d5 5. Nxe5 Nd7 6. O-O Nxe5 7. dxe5 Be7 8. Bxe4 dxe4 9. Qxd8+ Bxd8 10. Nc3 Bf5
11. Re1 Be7 12. Nxe4 O-O-O 13. Bg5 Rhe8 14. c3 Bxg5 15. Nxg5 Rd2 16. b4 Rc2 17. Re3 h6 18. Nf3 Be6 19. a4 Rd8 20. Nd4 Rd2
21. h4 b6 22. Rg3 g6 23. Nxe6
1-0

[Event "SM Master Norm Tournament"]
[Site "SchemingMind.com"]
[Date "2008.12.09"]
[Round "-"]
[White "shaykins"]
[Black "GBEDARD"]
[Result "1-0"]
[WhiteCountry "ISR"]
[BlackCountry "USA"]
[WhiteElo "2319"]
[WhiteRD "86"]
[BlackElo "2190"]
[BlackRD "78"]
[GameID "182627"]

1. e4 d6 2. d4 Nf6 3. Nc3 g6 4. Bg5 Bg7 5. Qd2 h6 6. Bxf6 Bxf6 7. Nf3 Bg4 8. h3 Bxf3 9. gxf3 Nd7 10. O-O-O c6
11. f4 Qa5 12. e5 Bg7 13. Rg1 O-O-O 14. Qe3 e6 15. Kb1 Bf8 16. h4 h5 17. Ne4 dxe5 18. dxe5 Be7 19. Nd6+ Bxd6 20. exd6 Qb6
21. Qe1 Nf6 22. Rg3 Rhe8 23. Ra3 Rd7 24. c4 Ng4 25. f3 Nh6 26. Bh3 Red8 27. Rad3 Kb8 28. a3 Ka8 29. Ka2 c5 30. Qe5 Kb8
31. Qg5 Ng8 32. b3 Qc6 33. R1d2 Kc8 34. Qe5 Nh6 35. Kb2 Qb6 36. Kc3 Kb8 37. b4 cxb4+ 38. axb4 Qg1 39. c5 Qh1 40. Bg2 Qb1
41. Qe2 Qa1+ 42. Kb3 Nf5 43. Bh3 Nxh4 44. Rd1 Qa6 45. Qe4 Nf5 46. Bxf5 gxf5 47. Qc4 Qxc4+ 48. Kxc4 h4 49. b5 Rc8 50. Rh1 Rcd8
51. Rxh4 b6 52. c6 Rxd6 53. Rxd6 Rxd6 54. Rh8+ Kc7 55. Ra8 a5 56. Ra7+ Kc8 57. Rb7 Rd2 58. Rxb6 Rc2+ 59. Kd4 a4 60. Ra6 Kc7
61. Rxa4 Rd2+ 62. Kc3 Rd5 63. Ra7+ Kb6 64. Rb7+ Ka5 65. c7 Rc5+ 66. Kd4 Kb4 67. b6 Kb5 68. Rb8 f6 69. Re8 e5+ 70. fxe5 Kxb6
71. c8=Q fxe5+ 72. Kd3 Rxc8 73. Rxc8
1-0

[Event "SM Master Norm Tournament"]
[Site "SchemingMind.com"]
[Date "2008.12.10"]
[Round "-"]
[White "shaykins"]
[Black "BigB"]
[Result "0-1"]
[WhiteCountry "ISR"]
[BlackCountry "SVK"]
[WhiteElo "2222"]
[WhiteRD "94"]
[BlackElo "2324"]
[BlackRD "71"]
[GameID "182628"]

1. e4 Nf6 2. e5 Nd5 3. c4 Nb6 4. c5 Nd5 5. Nc3 e6 6. Bc4 Bxc5 7. Nxd5 exd5 8. Bxd5 d6 9. d4 Bb4+ 10. Bd2 dxe5
11. Qa4+ c6 12. Bxf7+ Kxf7 13. Qxb4 exd4 14. Nf3 Re8+ 15. Kf1 b6 16. Qc4+ Be6 17. Qxd4 Qxd4 18. Nxd4 Bc4+ 19. Kg1 c5 20. Nf5 Rd8
21. Bf4 Kg8 22. b3 Ba6 23. Ne7+ Kf8 24. h4 Rd7 25. Nf5 Nc6 26. Re1 Rd5 27. Nd6 Rd8 28. Ne4 Nb4 29. Nc3 Rd3 30. Bg5 R8d4
31. Rc1 Bb7 32. Be3 Rg4 33. Rh2 c4 34. f3 Bxf3 35. Rf1 Rxe3 36. Nd1 Rd3 37. Nb2 Rc3 38. Nxc4 Nxa2 39. Ne5 Nc1 40. Nxf3= Ne2+
41. Kf2 Ng3 42. Rb1 a5 43. Rb2 Ne4+ 44. Ke1 Nc5
0-1

[Event "SM Master Norm Tournament"]
[Site "SchemingMind.com"]
[Date "2008.12.10"]
[Round "-"]
[White "_keyes"]
[Black "shaykins"]
[Result "0-1"]
[WhiteCountry "ENG"]
[BlackCountry "ISR"]
[WhiteElo "2061"]
[WhiteRD "71"]
[BlackElo "2319"]
[BlackRD "86"]
[GameID "182629"]

1. d4 d5 2. c4 c6 3. Nc3 Nf6 4. Nf3 dxc4 5. a4 Nd5 6. g3 Nxc3 7. bxc3 b5 8. Bg2 Bb7 9. O-O e6 10. Ne5 f6
11. Ng4 a6 12. e4 Nd7 13. Re1 Be7 14. d5 Nc5 15. e5 cxd5 16. exf6 gxf6 17. Ba3 O-O 18. Nh6+ Kh8 19. Bxc5 Bxc5 20. Rxe6 Qd7
21. Re2 f5 22. Qd2 f4 23. gxf4 Qg7 24. Kh1 Qxh6 25. axb5 axb5 26. Rb1 Qxf4 27. Qxf4 Rxf4 28. Kg1 Ra3 29. Re8+ Kg7 30. Rb8 Rxf2
31. Kh1 Rf7 32. Rc1 Be3
0-1

[Event "SM Master Norm Tournament"]
[Site "SchemingMind.com"]
[Date "2008.12.10"]
[Round "-"]
[White "Erhaem"]
[Black "shaykins"]
[Result "0-1"]
[WhiteCountry "NED"]
[BlackCountry "ISR"]
[WhiteElo "1896"]
[WhiteRD "76"]
[BlackElo "2236"]
[BlackRD "93"]
[GameID "182630"]

1. d4 d5 2. Nf3 Nf6 3. Bg5 Nbd7 4. e3 h6 5. Bf4 g5 6. Bg3 Ne4 7. Bd3 Bg7 8. Nc3 Nxg3 9. hxg3 e6 10. Qd2 g4
11. Nh2 h5 12. O-O-O c5 13. f4 a6 14. dxc5 Nxc5 15. e4 d4 16. Ne2 e5 17. Kb1 Be6 18. Qb4 Rc8 19. fxe5 Bxe5 20. Nf4 Qd6
21. Qd2 Bd7 22. Nf1 h4 23. Rh2 Rh6 24. Nd5 f5 25. exf5 Nxd3 26. cxd3 Bxf5 27. Qg5 Qe6
0-1

[Event "SM Master Norm Tournament"]
[Site "SchemingMind.com"]
[Date "2008.12.10"]
[Round "-"]
[White "Dr_Pat"]
[Black "shaykins"]
[Result "0-1"]
[WhiteCountry "USA"]
[BlackCountry "ISR"]
[WhiteElo "2140"]
[WhiteRD "55"]
[BlackElo "2222"]
[BlackRD "94"]
[GameID "182631"]

1. Nc3 d5 2. d4 Nf6 3. Bg5 Bf5 4. Bxf6 exf6 5. e3 Be6 6. Bd3 c5 7. dxc5 Bxc5 8. Nge2 O-O 9. Nf4 f5 10. Qe2 Re8
11. O-O-O Nc6 12. Bc4 d4 13. Bxe6 fxe6 14. Qc4 Bb6 15. exd4 Qg5 16. g3 Nxd4 17. Kb1 Rac8 18. Qb4 Qf6 19. Rhe1 Red8 20. h4 Qf7
21. Qa4 Bc5 22. a3 a6 23. Qa5 Ba7 24. f3 Nc6 25. Qa4 e5 26. Nd3 Bb8 27. Ne2 Nd4 28. Nxd4 Rxd4 29. Nb4 Rdd8 30. Qa5 Bc7
31. Qc5 e4 32. fxe4 Bxg3 33. Rxd8+ Rxd8 34. Rf1 Bxh4 35. Nd3 Qe6 36. exf5 Qe4
0-1

[Event "SM Master Norm Tournament"]
[Site "SchemingMind.com"]
[Date "2008.12.11"]
[Round "-"]
[White "Trener"]
[Black "shaykins"]
[Result "0-1"]
[WhiteCountry "PAR"]
[BlackCountry "ISR"]
[WhiteElo "2166"]
[WhiteRD "69"]
[BlackElo "2319"]
[BlackRD "86"]
[GameID "182633"]

1. e4 c5 2. Nf3 d6 3. d4 cxd4 4. Nxd4 Nf6 5. Nc3 g6 6. g3 Bg7 7. Bg2 O-O 8. O-O Nc6 9. Nde2 Be6 10. Nd5 Rc8
11. c3 Ne5 12. h3 Nxd5 13. exd5 Bd7 14. b3 Bf5 15. Be3 h5
0-1

[Event "SM Master Norm Tournament"]
[Site "SchemingMind.com"]
[Date "2008.12.11"]
[Round "-"]
[White "Aadsje"]
[Black "shaykins"]
[Result "1/2-1/2"]
[WhiteCountry "NED"]
[BlackCountry "ISR"]
[WhiteElo "1876"]
[WhiteRD "56"]
[BlackElo "2308"]
[BlackRD "88"]
[GameID "182634"]

1. e4 c5 2. Nf3 d6 3. Bb5+ Bd7 4. Bxd7+ Nxd7 5. d4 cxd4 6. Nxd4 Ngf6 7. O-O Nxe4 8. Re1 Ndf6 9. f3 Nc5 10. c4 e6
11. b4 Ncd7 12. Bf4 a5 13. Nc3 axb4 14. Ncb5 Qb6 15. Kh1 g6 16. Nc2 Rc8 17. Nxd6+ Bxd6 18. Bxd6 Rxc4 19. Qd2 Nd5 20. Qxd5 Rxc2
21. Rad1 Kd8 22. Qg5+ f6 23. Qg4 Qf2 24. Rxe6 f5 25. Qg5+ Kc8 26. Re7 Rd8 27. Rg1 Rc6 28. Bg3 Qxa2 29. Rge1 Qa5 30. Qd2 Nc5
31. Qf4 Na6 32. Qe3 Qc5 33. Qe2 h5 34. Re8 Nc7 35. Rxd8+= Kxd8 36. Qa2 Qc4 37. Qd2+ Kc8 38. Qh6 b5 39. Qf8+ Kb7 40. Bxc7 Rxc7
41. h3 Qd4 42. Qg8= Rc6 43. Re7+= Kb6 44. Qb8+ Kc5 45. Re5+= Kc4 46. Qxb5+ Kb3 47. Re1 Rc2 48. Qa6 Qd5=
1/2-1/2

[Event "SM Master Norm Tournament"]
[Site "SchemingMind.com"]
[Date "2008.12.09"]
[Round "-"]
[White "MazetaFighter"]
[Black "shaykins"]
[Result "0-1"]
[WhiteCountry "GRE"]
[BlackCountry "ISR"]
[WhiteElo "1957"]
[WhiteRD "72"]
[BlackElo "2308"]
[BlackRD "88"]
[GameID "182635"]

1. e4 c5 2. Nf3 d6 3. Bb5+ Bd7 4. Bxd7+ Nxd7 5. O-O Ngf6 6. Qe2 e6 7. Nc3 Be7 8. d3 O-O 9. Bd2 Ng4 10. h3 Nge5
11. Be3 Nxf3+ 12. Qxf3 Bf6 13. Rfd1 Qb6 14. Rab1 Rac8 15. Ne2 Rfd8 16. Nf4 Qa6 17. a3 Bd4 18. c3 Bxe3 19. Qxe3 Qb6 20. Ne2 d5
21. b4 cxb4 22. Qxb6 Nxb6 23. axb4 Na4 24. exd5 Nxc3 25. Nxc3 Rxc3 26. dxe6 fxe6 27. d4= Rc4 28. b5 b6 29. Ra1 Rd7 30. Ra6 Kf8
31. Kf1 Rdxd4 32. Rxd4 Rxd4 33. Rxa7 Rb4 34. Ke2 Rxb5 35. Rb7 Rb2+ 36. Ke3 b5 37. g3 b4 38. f3 b3 39. Kd3 Rg2 40. g4 b2
41. Ke4 Ke8 42. h4 Kd8 43. Kd3 Kc8 44. Rb4 Kc7 45. Kc3 Kd6 46. Rb5 Rf2 47. h5 e5 48. Kc4 g6 49. hxg6 hxg6 50. Rb6+ Kc7
51. Rb5 Rxf3 52. Rxb2 Kc6 53. Rg2 Kd6
0-1

[Event "SM Master Norm Tournament"]
[Site "SchemingMind.com"]
[Date "2008.12.09"]
[Round "-"]
[White "GBEDARD"]
[Black "shaykins"]
[Result "1/2-1/2"]
[WhiteCountry "USA"]
[BlackCountry "ISR"]
[WhiteElo "2197"]
[WhiteRD "78"]
[BlackElo "2236"]
[BlackRD "93"]
[GameID "182636"]

1. e4 c5 2. Nf3 d6 3. d4 cxd4 4. Nxd4 Nf6 5. Nc3 g6 6. Be3 Bg7 7. Be2 O-O 8. Qd2 Nc6 9. O-O Ng4 10. Bxg4 Bxg4
11. Nxc6 bxc6 12. Rab1 Re8 13. f3 Be6 14. Bd4 f6 15. a3 Qa5 16. b4 Qa6 17. b5 cxb5 18. Nxb5 Qc6 19. Nxa7 Qd7 20. Qe3 Reb8
21. Rb4 Rb7 22. Rxb7 Qxb7 23. a4 Bf7 24. Ra1 e5 25. Bb6 f5 26. a5 d5 27. a6 Qd7 28. exd5 Bxd5 29. Rd1 Qe6 30. Qc5 Bc4
31. Ra1 e4 32. Ra4 Be2 33. fxe4 fxe4 34. Kh1 Qd7 35. Rxe4 Qd1+ 36. Qg1 Qxc2 37. Re7 Qd2 38. Nc6 Bxa6 39. Bd4 Bf8 40. Re6 Be2
41. h3 Qd1 42. Qxd1 Bxd1 43. Kh2 Ba4 44. g4 Rc8 45. Ne5 Rd8 46. Bb6 Rd2+ 47. Kg3 Bd6 48. Kf3 Bb3 49. Re8+ Kg7 50. g5 Rd1
51. Kf2 Rd5 52. Kf3 Ba4 53. Rd8 Rxe5 54. Bd4 Kf7 55. Rxd6 Rxg5 56. Rf6+ Ke8 57. h4 Rh5 58. Kg3 g5 59. Re6+ Kd7 60. Re4 Bc2
61. Rg4 gxh4+=
1/2-1/2

[Event "SM Master Norm Tournament"]
[Site "SchemingMind.com"]
[Date "2008.12.10"]
[Round "-"]
[White "BigB"]
[Black "shaykins"]
[Result "1/2-1/2"]
[WhiteCountry "SVK"]
[BlackCountry "ISR"]
[WhiteElo "2274"]
[WhiteRD "73"]
[BlackElo "2210"]
[BlackRD "97"]
[GameID "182637"]

1. e4 c5 2. Nf3 d6 3. c3 Nf6 4. h3 Nc6 5. Qc2 e5 6. Bc4 Be7 7. d3 O-O 8. O-O a6 9. a4 d5 10. exd5 Nxd5
11. Re1 Nb6 12. Nxe5 Nxe5 13. Rxe5 Nxc4 14. dxc4 Bd6 15. Re1 Be6 16. Nd2 Re8 17. Ne4 Bf5 18. Re2 Qh4 19. Qd1 Rxe4 20. Rxe4 Qxe4
21. Qxd6 Qe1+ 22. Kh2 Qxf2 23. Qd2 Qf1 24. Qf4 Qd3 25. Be3 Rc8 26. Re1 Qd7 27. a5 Be6 28. b3=
1/2-1/2